000
00214nam a22000977a 4500
003
OSt
008
210118b ||||| |||| 00| 0 eng d
100
_a
Balakrishnan, P. K
_9
4890
245
_a
Tippu Sulthan
942
_c
BK
999
_c
16672
_d
16672